000
00257nam a22001097a 4500
082
_a
004
_b
VEL/C
100
_a
VELUPPADAM , JOHNSON
245
_a
COMPUTER AT A GLANCE
246
_a
COMPUTER AT A GLANCE
_b
COMPUTER AT A GLANCE
650
_a
COMPUTER
942
_c
BK
999
_c
8884
_d
8884